000 00704nam a2200265Ia 4500
005 20251020182458.0
008 200515s9999 xx 000 0 und d
020 _a958-96027-6-2
082 _a624.133/M83
100 _aGómez Agudelo, Gustavo Adolfo
100 _aMoya Barrios, Julio Eduardo
100 _aSalazar Ferro, Francisco
100 _aSalazar Ferro, Ricardo
245 0 _aNotas : Excavaciones en condiciones complejas
250 _a5a ed.
260 _aBogotá, D.C.
260 _bEscuela Colombiana de Ingeniería
260 _c2005
300 _a170 p.
300 _bil., tbl., graf.
500 _a1 ejemplar
650 _aEXCAVACIONES
942 _cLIB
999 _c1072
_d1072